000 00510nam a22001817a 4500
003 MPLRDC
005 20220104165443.0
008 210129b ||||| |||| 00| 0 eng d
082 _a050.1 RD v.10 2005
100 _aJIM PLOUFFE
245 _aREADER'S DIGEST. OCTOBER 2005
_c
250 _a初版
260 _a
_bREADER'S DIGEST ASSOCIATION FAR EAST LTD.
_c2005
300 _b
490 _aVOLUME 86; NO. 511
650 _a连续性出版品; 期刊--READER'S DIGEST
942 _cBK
_o050.1 RD v.10 2005
999 _c57459
_d57449